César du meilleur acteur : actualisé 2026 - Statistiques

Statistiques générales
  • Ce quiz a été pris 2 520 fois
    197 depuis la dernière actualisation
  • Le résultat moyen est 42 sur 123
Statistiques - réponses
Années de nomination Acteur % Correct
2015, 2017, 2022, 2025 Pierre Niney
87%
1976, 1977, 1978, 1979, 1981, 1983, 1984, 1985, 1986, 1988, 1989, 1990, 1991, 1995, 2007, 2011, 2016 Gérard Depardieu
82%
2007, 2012, 2020, 2023 Jean Dujardin
82%
2009 Guillaume Depardieu
80%
1977, 1978, 1985 Alain Delon
70%
1996, 2007, 2010, 2010, 2012, 2017 François Cluzet
70%
2019, 2022 Gilles Lellouche
69%
1989 Jean-Paul Belmondo
68%
2022, 2023 Benoit Magimel
63%
2012, 2017 Omar Sy
63%
1994 Christian Clavier
62%
2025 François Civil
62%
1988, 1992, 2005 Gérard Jugnot
62%
1987, 1990, 2007, 2008 Michel Blanc
62%
1996, 1998, 2007 Alain Chabat
60%
2015, 2018 Guillaume Canet
57%
1996, 2002, 2009, 2016, 2020 Vincent Cassel
57%
1987, 1989, 1991, 1993, 1994, 1995, 1997, 1998, 2000, 2003, 2004, 2005, 2018, 2020 Daniel Auteuil
54%
2015, 2017 Gaspard Ulliel
54%
1999 Jacques Villeret
54%
2026 Laurent Laffite
52%
1984 Coluche
51%
1994, 1995 Jean Reno
51%
2010, 2025 Tahar Rahim
51%
1978, 1980, 1988, 1991 Jean Rochefort
47%
1993 Claude Rich
46%
1977 Michel Galabru
46%
1979, 1981, 1982, 1984, 1986, 1991, 1996 Michel Serrault
46%
2019, 2022, 2026 Pio Marmaï
46%
2006, 2011, 2015, 2019, 2024 Romain Duris
45%
2000, 2009, 2014, 2018, 2021 Albert Dupontel
44%
2000, 2001, 2004, 2013, 2016, 2018 Jean-Pierre Bacri
44%
1976, 1981, 1982, 1985, 1990 Philippe Noiret
44%
1987, 1998, 2002 André Dussolier
43%
1983, 1995 Gérard Lanvin
42%
2020 Roschdy Zem
41%
1993, 2000, 2008, 2010, 2013, 2016 Vincent Lindon
41%
2025 Karim Leklou
40%
1983 Lino Ventura
40%
2024 Raphael Quenard
40%
1991, 1997, 2013, 2014, 2016, 2017 Fabrice Luchini
39%
1995, 1996, 2013 Jean-Louis Trintignant
38%
2013 Patrick Bruel
37%
1977, 1978, 1980, 1981, 1982 Patrick Dewaere
36%
2015, 2019 Vincent Lacoste
36%
2005, 2006 Benoit Poelvoorde
35%
1979, 1980, 1993 Claude Brasseur
35%
2015, 2016 François Damiens
35%
2014 Guillaume Gallienne
35%
2005, 2008, 2014 Mathieu Amalric
35%
1986, 1990, 2011, 2021 Lambert Wilson
34%
2006 José Garcia
33%
1994 Pierre Arditi
33%
1989 Richard Anconina
33%
1999, 2008 Jean-Pierre Darroussin
32%
1976, 1992, 2008 Jean-Pierre Marielle
32%
1982, 1985, 1991, 1992 Michel Piccoli
32%
2021 Jonathan Cohen
31%
2024, 2025 Benjamin Lavernhe
30%
2003 Bernard Campan
29%
1980, 1984 Yves Montand
29%
1986 Christophe Lambert
28%
2002, 2006, 2014 Michel Bouquet
28%
1997, 1998 Patrick Timsit
28%
2012 Denis Podalydès
27%
1992, 2002 Jacques Dutronc
27%
1988 Richard Bohringer
27%
2012, 2021 Sami Bouajila
27%
2018 Swann Arlaud
27%
2003 Mathieu Kassovitz
26%
2003 Adrien Brody
25%
2004 Gad Elmaleh
25%
2018, 2023 Louis Garrel
25%
1993 Richard Berry
25%
1976 Victor Lanoux
25%
2019 Alex Lutz
24%
2001 Bernard Giraudeau
24%
2003 François Berléand
24%
1979, 1988 Jean Carmet
24%
1987, 1990 Jean-Hugues Anglade
24%
1983 Philippe Léotard
24%
2026 Benjamin Voisin
23%
1994 Michel Boujenah
23%
2017 Nicolas Duvauchelle
23%
1997, 2000, 2005, 2012 Philippe Torreton
23%
1999 Antoine de Caunes
22%
1997, 1998, 1999, 2001 Charles Berling
22%
2011 Éric Elmosnino
22%
2004 Omar Sharif
22%
1984 Alain Souchon
21%
2018, 2020 Reda Kateb
21%
2022, 2023 Vincent Macaigne
21%
2024 Arieh Worthalter
20%
2026 Bastien Bouillon
20%
2019, 2023 Denis Ménochet
20%
2019 Édouard Baer
20%
1990, 1992 Hippolyte Girardot
20%
2009, 2011 Jacques Gamblin
20%
1989 Jean-Marc Barr
20%
2021 Niels Schneider
20%
2010 Yvan Attal
20%
2020, 2024 Melvil Poupaud
18%
2015 Niels Arestrup
18%
2001 Sergi Lopez
18%
2020, 2022 Damien Bonnard
16%
2013 Jérémie Renier
16%
2012 Olivier Gourmet
16%
1978 Charles Denner
15%
2009 François Xavier Demaison
15%
2022 Adam Driver
14%
2014 Mads Mikkelsen
14%
2006 Patrick Chesnais
14%
1987, 1988 Christophe Malavoy
13%
2014 Grégory Gadebois
13%
1999, 2001 Pascal Greggory
13%
2002 Éric Caravaca
12%
1985 Louis Ducreux
12%
1986 Robin Renucci
12%
2004 Bruno Todeschini
11%
2017 Pierre Deladonchamps
10%
2013 Denis Lavant
9%
2016 Antonythasan Jesuthasan
8%
2026 Claes Bang
6%
Aucun quiz correspondant
Distribution des résultats
% des personnes avec chaque résultat
Percentile par nombre de réponses
Votre historique - résultats
Vous n’avez pas pris ce quiz depuis la dernière actualisation